000
00196 a2200097 4500
001
25988
100
_a
Giacadia
245
_a
Satellite dynamics
260
_a
_b
Springer
_c
090
_c
17584
_d
17584
942
_a
NUST-CAE
_c
M
_c
8429
999
_c
261061
_d
261061